000 00270nam a2200109Ia 4500
008 190919s9999||||xx |||||||||||||| ||und||
100 _aWilliam W.Wilmot
245 0 _aRelational Communication
260 _aNew York
_bMcGraw Hill
_c2001
300 _a2004
942 _cBK
999 _c11165
_d11165